000 00540nam a2200217Ia 4500
003 OSt
005 20221005123339.0
006 a|||||r|||| 00| 0
007 ta
008 221004b |||||||| |||| 00| 0 eng d
024 _a43493
037 _cTextual
040 _aCRL
_cCRL
_beng
041 _2eng
_aeng
082 _aO:1M40:14, F8
245 0 _aLate lyrics and earlier with many other verses
260 _c1928
650 _aENGLISH LITERATURE
942 _hO:1M40:14, F8
_cTEXL
_2cc
999 _c1047153
_d1047153